000 00498nam a22001697a 4500
003 BD-DhUL
005 20191124100250.0
008 191124s1369 pk ||||| |||| 00| 0 urd d
040 _aBD-DhUL
_cBD-DhUL
082 _a923.1
_bABT
100 1 _aعبد الخالق، محمد
245 1 0 _aتعارف پاکستان /
_cمحمد عبد الخالق
260 _aکراچی :
_bطارق پریس،
_c۔۱۳۶۹
300 _aص۔ ۳۷۸ ؛
_c۲۲ سم۔
650 4 _aBiography
942 _2ddc
_cBK
999 _c250968
_d250968